000 00296 a2200145 4500
001 169148
020 _a
040 _cMagnum
100 _aWaichman, Pablo
240 1 0 _aTempo livre e recreacao
_lpor
245 1 0 _aTempo livre e recreacao
362 0 _a1899
697 _aGERAL
942 _cBK
999 _c169148
_d169148